000 00583nai a2200181Ia 4500
003 IN-BaIIA
008 211028c9999 xx s 000 0 eng d
022 _a1089-5639 (Print)
022 _a1520-5215 (Online)
040 _cIIA Library
245 4 _aThe Journal of Physical Chemistry A
_h[eJournal]
260 _aWashington DC
_bACS Publications
310 _aWeekly
362 _a101(1); 1997 - Present
521 _bSubscribed through National Knowledge Resource Consortium (NKRC)
856 _uhttps://pubs.acs.org/journal/jpcafh
_yClick Here to Access eJournal
942 _cEJ
999 _c35787
_d35787